Statistiques concernant Présentez vous!

Cliquez ici pour prendre le quiz!

Statistiques générales

  • Ce quiz a été pris 54 fois
  • Le résultat moyen est 26 sur 62

Statistiques - réponses

% Correct
a
85%
a
85%
je
83%
je
83%
Je
83%
le
77%
suis?
71%
suis
71%
suis?
71%
là,
67%
un
67%
un
67%
Les
65%
les
65%
Qui
60%
qui
60%
vous!
60%
vous!
60%
vous
60%
vous!
60%
en
44%
en
44%
moi!
44%
moi!
44%
moi!
44%
on
44%
Presentez
44%
Presentez
44%
presentez
44%
se
42%
se
42%
C'est
40%
C'est
40%
c'est
40%
C'est
40%
c'est
40%
Ça
38%
ça
38%
êtes
35%
pas,
31%
monsieur!
29%
va
27%
Tous
25%
gars,
23%
Aujourd'hui
21%
nouveaux
21%
présenter
21%
Alors
19%
alors,
19%
besoin.
19%
besoin,
19%
club
19%
Cette
17%
derby,
15%
connait
13%
Thomas.
13%
puisqu'on
10%
Sylvain
10%
saison,
8%
Andie,
6%
fumer.
6%
Odie
4%

Distribution des résultats

Percentile par nombre de réponses

% des personnes avec chaque résultat

Votre développement - résultats

Vous n’avez pas pris ce quiz